Deadpool, Wolverine ou les deux ? - Statistiques

Statistiques générales
  • Ce quiz a été pris 45 fois
  • Le résultat moyen est 8 sur 15
Statistiques - réponses
Question Réponse % Correct
A des pouvoirs de régénération Les deux
91%
Est surnommé "Logan" Wolverine
91%
Brise souvent le quatrième mur Deadpool
88%
Est apparu dans la bataille finale d'Avengers: Endgame Aucun des deux
86%
Apparait dans X-Men 97' Wolverine
77%
Possède des doubles initiales (la même lettre pour son nom et son prénom) Deadpool
72%
A été joué par Henry Cavill Wolverine
65%
A des bulles de parole jaunes dans les comics Deadpool
53%
Possède un variant zombifié dans les comics Les deux
53%
Possède un variant zombifié dans les films Deadpool
44%
Est canadien Les deux
26%
Est un mutant Wolverine
21%
A tué Lady Deathstrike Aucun des deux
16%
A été créé par Stan Lee Aucun des deux
7%
Possède des os en vibranium Aucun des deux
5%
Aucun quiz correspondant
Distribution des résultats
% des personnes avec chaque résultat
Percentile par nombre de réponses
Votre historique - résultats
Vous n’avez pas pris ce quiz